Statistics for Asia General Knowledge #1

Click here to take the quiz!

General Stats

  • This quiz has been taken 57 times
    (49 since last reset)
  • The average score is 11 of 17

Answer Stats

HintAnswer% Correct
Countries through which Mekong river flowsChina
98%
Largest economy in AsiaChina
98%
In what country is Sichuan found?China
96%
Asia is bounded on the east by which Ocean?Pacific
89%
Vietnam
89%
Laos
87%
Thailand
87%
Cambodia
85%
Dominant language in AsiaMandarin
85%
Capital of MaldivesMale
74%
largest city in Asia by populationTokyo
72%
Longest river in Asian continent?Yangtze
72%
Deepest lakeBaikal
54%
Largest island in AsiaBorneo
48%
Largest peninsulaArabian Peninsula
13%
Body of water separates India from Sri Lanka?Palk Strait
0%
First Asian Nobel laureateRabindranath Tagore
0%

Score Distribution

Percentile by Number Answered

Percent of People with Each Score

Your Score History

You have not taken this quiz since the last reset